000 00501nam a2200193 a 4500
001 1772713885446
003 YourLibrary
005 20260305180322.0
008 260305s2003##################000#0#eng##
020 _a9781904292586
082 0 4 _a302.2223
_bTRE
100 1 _aTresidder, Jack,
_eauthor.
245 1 0 _a1001 Symbols :
260 _bDuncan Baird Publishers,
_c2003.
300 _a373 pages
650 0 _aSigns and symbols.
942 _cENGLISH
040 _aYourLibrary
_beng
_cYourLibrary
999 _c617054
_d617054